Random matrices: high dimensional phenomena (Record no. 165636)
[ view plain ]
| 000 -LEADER | |
|---|---|
| fixed length control field | 00650nam a2200229Ia 4500 |
| 003 - CONTROL NUMBER IDENTIFIER | |
| control field | OSt |
| 005 - DATE AND TIME OF LATEST TRANSACTION | |
| control field | 20230509134342.0 |
| 008 - FIXED-LENGTH DATA ELEMENTS--GENERAL INFORMATION | |
| fixed length control field | 210423s2009 xx 000 0 und d |
| 020 ## - INTERNATIONAL STANDARD BOOK NUMBER | |
| International Standard Book Number | 978-0-521-13312-8 |
| 040 ## - CATALOGING SOURCE | |
| Transcribing agency | AL |
| 041 ## - LANGUAGE CODE | |
| Language code of text/sound track or separate title | eng |
| 082 ## - DEWEY DECIMAL CLASSIFICATION NUMBER | |
| Classification number | 512.9434 BLOL |
| 100 ## - MAIN ENTRY--PERSONAL NAME | |
| Personal name | BLOWER (Gordon) |
| 9 (RLIN) | 100799 |
| 245 ## - TITLE STATEMENT | |
| Title | Random matrices: high dimensional phenomena |
| 260 ## - PUBLICATION, DISTRIBUTION, ETC. | |
| Place of publication, distribution, etc. | New York |
| Name of publisher, distributor, etc. | Cambridge University Press |
| Date of publication, distribution, etc. | 2009 |
| 300 ## - PHYSICAL DESCRIPTION | |
| Extent | viii, 437 |
| Other physical details | PB |
| 365 ## - TRADE PRICE | |
| Price amount | 5446.8 |
| Currency code | WIP |
| 650 ## - SUBJECT ADDED ENTRY--TOPICAL TERM | |
| Topical term or geographic name entry element | Foundations of Algebra |
| 9 (RLIN) | 100800 |
| 650 ## - SUBJECT ADDED ENTRY--TOPICAL TERM | |
| Topical term or geographic name entry element | Mathematics |
| 9 (RLIN) | 100801 |
| 906 ## - LOCAL DATA ELEMENT F, LDF (RLIN) | |
| a | dimensional ; high ; matrices: ; phenomena ; Random |
| 942 ## - ADDED ENTRY ELEMENTS (KOHA) | |
| Source of classification or shelving scheme | Dewey Decimal Classification |
| Koha item type | Book |
| Withdrawn status | Lost status | Damaged status | Not for loan | Collection code | Home library | Current library | Date acquired | Source of acquisition | Cost, normal purchase price | Total Checkouts | Full call number | Barcode | Date last seen | Price effective from | Koha item type |
|---|---|---|---|---|---|---|---|---|---|---|---|---|---|---|---|
| Mathematics | St Aloysius PG Library | St Aloysius PG Library | 07/11/2014 | super book services, Bangalore | 5446.80 | 512.9434 BLOL | PG012134 | 08/24/2022 | 04/26/2021 | Book |